00767naa#a2200205#i#4500001001600000005001700016011001400033100004100047102000700088200011900095210011000214215001000324608002700334675014600361700000600507700000600513700000600519700000600525856003000531EN\\bibl\12126520260501232317.5##a1994-4683##a20230803b2023####ek#y0engy0150####ca##aRU1#aANALYSIS OF POPULATION ENGAGEMENT IN PHYSICAL CULTURE AND SPORTS IN THE SIBERIAN FEDERAL DISTRICTeJournal article1#aMoscowcNational State University of Physical Education, Sports and Health named after P.F. Lesgaftd2023##a7 с.##aJournal article2local##aФилософские и научно-теоретические основы физической культуры и спорта. 796.011#1g #1g #1g #1g 4#auchzapiski.lesgaft.spb.ru